000 00714nam a22002297a 4500
005 20170124110055.0
010 _aB-159478
020 _c00.00
_a817629571
035 _aB-159478
037 _bCen Lib/Ret
040 _aDPL
_bEN
082 _a658
_bMOD
245 _aModern business environment :
_cedited by K.N.S. Kang...[et al.]
260 _aNew Delhi
_bDeep & Deep Publications
_c2005
270 _bNew Delhi
_aF-159, rajouri garden
_e110027
300 _axvii, 346p.
_c21cm(Hb)
500 _aIncludes bibliographical references and index
650 _aMarketing
_96818
650 _aBusiness environment
_9102368
700 _aKang, K.N.S.
_926260
942 _2ddc
_cEN
_h658
_mMOD
999 _c129399
_d129399